Wigan Athletic all-time top scorers - Statistics

General Stats
  • This quiz has been taken 6 times
  • The average score is 4 of 10
Answer Stats
Goals Nationality Player % Correct
65 Northern Ireland Will Grigg
83%
43 England Jason Roberts
67%
41 England Nick Powell
67%
50 England / Ireland Will Keane
50%
65 England Nathan Ellington
33%
71 Scotland Andy Liddell
17%
49 Scotland Lee McCulloch
17%
32 England Michael Jacobs
17%
52 Wales Simon Haworth
17%
41 England Stuart Barlow
17%
No matching quizzes found
Score Distribution
Percent of People with Each Score
Percentile by Number Answered
Your Score History
You have not taken this quiz